| 000 | 00742cam a22002412 4500 | ||
|---|---|---|---|
| 001 | 26539 | ||
| 003 | BD-RjUL | ||
| 005 | 20211209051030.0 | ||
| 008 | 140322t1916 enkbe 000 0 eng | ||
| 035 | _a(BD-RjUL)26609 | ||
| 040 |
_aDLC _cCarP _dDLC _dBD-RjUL _beng |
||
| 041 | _aeng | ||
| 082 | 0 | 4 |
_a940.42 _bBEG 1916 |
| 100 | 1 |
_aBelloc, Hilaire, _d1870-1953. _954420 |
|
| 245 | 0 | 2 |
_aA general sketch of the European War / _cby HIlaire Belloc _nVolume-2 |
| 260 |
_aLondon ; _aNew York : _bNelson, _c1916. |
||
| 300 |
_aV-2 (404 p.) : _bill. maps, plans ; _c20 cm. |
||
| 505 | 0 | _a[1] The first phase. -- [2] The second phase. | |
| 650 | 0 |
_aWorld War, 1914-1918. _981628 |
|
| 942 |
_2ddc _cBK |
||
| 999 |
_c26539 _d26539 |
||